000 00643cam a2200241 4500
008 090401t1987 xxu||||| |||| 00| 0 eng d
020 _a0854063552
035 _a(Sirsi) u45158
041 _aeng
050 _a711.4025
090 _aRICS 1987/61 ABCD
110 _aRoyal Institution of Chartered Surveyors
_94900
245 _aDirectory of planning and development consultants
260 _aLondon
_bSurveyors Publications
_c1987
300 _a57p. ; 21cm.
350 _a3.95
650 _aABOUT RICS-RICS MEMBERS
650 _aCONSULTANTS
650 _aDIRECTORIES
650 _aPLANNING
942 _n0
948 _c04/03/1997
999 _c91651
_d91651